| 000 | 01123cab a2200205 4500 | ||
|---|---|---|---|
| 001 | L136724 | ||
| 008 | 070219n2007 000 0 eng u | ||
| 035 | _a(Sirsi) u136724 | ||
| 041 | 0 | _aeng | |
| 110 | 2 |
_aEstates Gazette _9298 |
|
| 245 | 0 | 0 |
_aEG data _bJLL monthly prime yields |
| 260 | _c2007 | ||
| 490 | 0 | 0 |
_aEstates Gazette _v(0706) 10 February 2007, 48(1) |
| 520 | _aDetails UK prime yields for the retail, office and industrial sectors. The yields are generated by Jones Lang LaSalle (JLL) and are based on evidence derived from the latest deals by JLL and other agents. All property prime yields held firm in February 2007 at 4.50%, despite the unexpected rise in base rates. The demand for offices is depressing yields across the main regional cities. Industrial and distribution is attractive to investors, who seek to drive returns through management initiatives. Prime industrial yields held firm this month at 5.0%. | ||
| 590 | _aKA | ||
| 650 | 2 | 4 | _aJLL MONTHLY PRIME YIELDS |
| 651 | 4 |
_aUnited Kingdom _y |
|
| 690 | _aPROPERTY-COMMERCIAL PROPERTY-COMMERCIAL PROPERTY FINANCE AND INVESTMENT | ||
| 942 | _n0 | ||
| 999 |
_c78417 _d78417 |
||